000 00466nam a2200181Ia 4500
001 10421
005 20260306161831.0
008 260306t1998||||xx |||||||||||||| ||spa||
041 _aESP
082 _a926
_bK77
100 _aKotter, John P.
_eAUT
245 0 _aEl liderazgo de Matsushita:
_blecciones del empresario más destacado del siglo XX
260 _c1998
300 _a316 páginas :
_c
650 _aGEN
654 _aCHU
942 _cLIB
_dJUS
_fJUS
_2ddc
_n
999 _c10421
_d10421